| 000 | 00858nam a22002415a 4500 | ||
|---|---|---|---|
| 003 | OSt | ||
| 005 | 20150928113757.0 | ||
| 008 | 080828s2001 ua fr 000 0 ara d | ||
| 040 |
_aEG-ScBUE _bara _cEG-ScBUE |
||
| 082 | 0 | 4 |
_a155.8962 _bع ك ا _222 |
| 100 | 1 |
_aعكاشه، أحمد. _914213 |
|
| 245 | 1 | 0 |
_aآفاق في الإبداع الفني : _bرؤية نفسية / _cأحمد عكاشه. |
| 250 | _aط. 1. | ||
| 260 |
_aالقاهرة : _bدار الشروق، _c2001. |
||
| 300 |
_a267 ص. ؛ _c18 سم. |
||
| 500 | _aصدرت الطبعة الرابعة من هذا الكتاب بعنوان تشريح الشخصية المصرية. | ||
| 541 |
_aألف باء؛ _cشراء؛ |
||
| 650 | 0 |
_aالشخصية. _2BUEsh |
|
| 651 | _2BUEsh | ||
| 653 |
_bARALIT _cAugust2015 |
||
| 655 |
_vReading book _934232 |
||
| 942 |
_k155.8962 ع ك ا _2ddc |
||
| 999 |
_c5707 _d5707 |
||